000 00584nam a2200169Ia 4500
008 090711s9999 xx 000 0 und d
082 _b54651
100 _aकालेलकर मधुसूदन
245 _aकल्पवgक्ष कन्येसाठी
260 _c1972
300 _a104
600 _aकालेलकर मधुसूदन
630 _aकल्पवgक्ष कन्येसाठी
700 _aकालेलकर मधुसूदन
730 _aकल्पवgक्ष कन्येसाठी
942 _cBOOK
999 _c305680
_d305680